000 00659nam a2200253Ia 4500
001 14378
005 20240113235533.0
007 ta
008 051122s1946 a g b000 u 465 u
040 _aCotton College Assam
041 _a465
082 _a512
_bT 384 Al
100 _aThompson, J.E..
245 0 _aAlgebra for the Practical Man /
_cJ.E.Thompson.
_hTextual Documents
250 _a1st ed. /
260 _aLondon :
_bD. Van Nostrand Co., Inc ,
_cC1946.
300 _axx,300p. :
_bill ;
_c20cm .
504 _aIndex
653 _aAlgebra
653 _aG-Mathematics
942 _2ddc
_cBK
999 _c14364
_d14364